Два направления развития теории прочности; Материалы научной конференции, посвященной 100-летию со дня рождения В. И. Ленина Томского инженерно-строительного института. Секция сопротивления материалов и строительной механики.

Detaylı Bibliyografya
Parent link:Материалы научной конференции, посвященной 100-летию со дня рождения В. И. Ленина Томского инженерно-строительного института. Секция сопротивления материалов и строительной механики..— 1970.— С. 49-51
Yazar: Михайловский Э. М.
Diğer Yazarlar: Пахотин К. К., Седоков Л. М.
Dil:Rusça
Baskı/Yayın Bilgisi: 1970
Konular:
Materyal Türü: MixedMaterials Kitap Bölümü
KOHA link:https://koha.lib.tpu.ru/cgi-bin/koha/opac-detail.pl?biblionumber=594687

MARC

LEADER 00000naa0a2200000 4500
001 594687
005 20250212165035.0
035 |a (RuTPU)RU\TPU\tpu\11463 
035 |a RU\TPU\tpu\11462 
090 |a 594687 
100 |a 20030916d1970 k y0rusy50 ca 
101 0 |a rus 
102 |a RU 
200 1 |a Два направления развития теории прочности  |f Э. М. Михайловский, К. К. Пахотин, Л. М. Седоков 
463 |t Материалы научной конференции, посвященной 100-летию со дня рождения В. И. Ленина Томского инженерно-строительного института. Секция сопротивления материалов и строительной механики.  |v С. 49-51  |d 1970 
610 1 |a теория прочности 
610 1 |a развитие 
610 1 |a труды учёных ТПУ 
700 1 |a Михайловский  |b Э. М. 
701 1 |a Пахотин  |b К. К. 
701 1 |a Седоков  |b Л. М. 
801 1 |a RU  |b 63413507  |c 20030916  |g PSBO 
801 2 |a RU  |b 63413507  |c 20100316  |g PSBO 
942 |c BK